| 000 | 01073cam a22002418i 4500 | ||
|---|---|---|---|
| 999 |
_c58091 _d58091 |
||
| 001 | 20950650 | ||
| 005 | 20210611130156.0 | ||
| 008 | 190426s2020 nyu b 001 0 eng | ||
| 020 |
_a9780134792019 _q |
||
| 041 | _aeng | ||
| 080 | _a376 V-32 | ||
| 100 | 1 |
_aVaughn, Sharon, _d _912027 |
|
| 245 | 1 | 0 |
_aStrategies for teaching students with learning and behavior problems / _cSharon Vaughn, Candace S. Bow. |
| 250 | _aTenth Edition. | ||
| 264 | 4 |
_cNew York : _aPearson, _b2019. |
|
| 300 |
_a432 pages _b28 cm. |
||
| 653 | _aსწავლისა და ქცევის პრობლემების მქონე სტუდენტების სწავლების სტრატეგიები | ||
| 653 | _aСтратегии обучения студентов с проблемами обучения и поведения | ||
| 653 | _aგამაჯანსაღებელი სწავლება | ||
| 653 | _aЛечебное обучение | ||
| 700 | 1 |
_aBos, Candace S., _d _eავტორი _912028 |
|
| 942 | _cBK | ||